书目信息 |
| 题名: |
乐·美
|
|
| 作者: | 黄培 著 | |
| 分册: | ||
| 出版信息: | 北京 北京教育出版社 2018.8 |
|
| 页数: | 181页 | |
| 开本: | 23cm | |
| 丛书名: | 名师成长系列 | |
| 单 册: | ||
| 中图分类: | G633.951.2 | |
| 科图分类: | ||
| 主题词: | 音乐课--教学研究--中小学 | |
| 电子资源: | ||
| ISBN: | 978-7-5704-0647-0 | |
| 000 | 01259oam2 2200253 45 | |
| 001 | 012001003560 | |
| 005 | 20131013150352.0 | |
| 010 | @a978-7-5704-0647-0@dCNY50.00 | |
| 100 | @a20181031d2018 em y0chiy0110 ea | |
| 101 | 0 | @achi |
| 102 | @aCN@b110000 | |
| 105 | @ay z 000yy | |
| 106 | @ar | |
| 200 | 1 | @a乐·美@Ale · mei@f黄培著 |
| 210 | @a北京@c北京教育出版社@d2018.8 | |
| 215 | @a181页@d23cm | |
| 225 | 2 | @a名师成长系列 |
| 330 | @a《乐·美——在经典音乐的润养与游戏的快乐中学习与发展》一书基于经典音乐对孩子审美发展的重要价值及教学中音乐教育实践的需要,以“经典音乐”为载体,构建的经典音乐教育课程。涉及孩子的心理学、教育学、美学等相关领域,研究试图从美学中汲取营养,从心理学、教育学中寻求理论依据,以尊重孩子们的主体性为原则,以教学实践为方法,以促进孩子审美发展为主线,以一日生活为途径,实现孩子在经典音乐的润养与游戏的快乐中获得主动学习与发展。研究成果获得了北京市人民政府颁发的2017北京市基础教育教学成果奖及朝阳区“第十届”教育教学成果奖。该书具有很强的实践性和操作性,能够为广大教师及其喜爱艺术教育的工作者提供有益的借鉴和参考。 | |
| 410 | 0 | @12001 @a名师成长系列 |
| 606 | 0 | @a音乐课@x教学研究@x中小学 |
| 690 | @aG633.951.2@v5 | |
| 701 | 0 | @a黄培@Ahuang pei@4著 |
| 801 | @b江苏凤凰@c20191020 | |
| 905 | @b1233281-6@dG633.951.2@e174@f6 | |
| 乐·美/黄培著.-北京:北京教育出版社,2018.8 |
| 181页;23cm.-(名师成长系列) |
| ISBN 978-7-5704-0647-0:CNY50.00 |
| 《乐·美——在经典音乐的润养与游戏的快乐中学习与发展》一书基于经典音乐对孩子审美发展的重要价值及教学中音乐教育实践的需要,以“经典音乐”为载体,构建的经典音乐教育课程。涉及孩子的心理学、教育学、美学等相关领域,研究试图从美学中汲取营养,从心理学、教育学中寻求理论依据,以尊重孩子们的主体性为原则,以教学实践为方法,以促进孩子审美发展为主线,以一日生活为途径,实现孩子在经典音乐的润养与游戏的快乐中获得主动学习与发展。研究成果获得了北京市人民政府颁发的2017北京市基础教育教学成果奖及朝阳区“第十届”教育教学成果奖。该书具有很强的实践性和操作性,能够为广大教师及其喜爱艺术教育的工作者提供有益的借鉴和参考。 |
| ● |
| 相关链接 |
|
|
|
|
正题名:乐·美
索取号:G633.951.2/174
 
预约/预借
| 序号 | 登录号 | 条形码 | 馆藏地/架位号 | 状态 | 备注 |
| 1 | 1233281 | 212332812 | 第一样本阅览室/ [索取号:G633.951.2/174] | 在馆 | |
| 2 | 1233282 | 212332821 | 第四借阅区/ [索取号:G633.951.2/174] | 在馆 | |
| 3 | 1233283 | 212332830 | 第四借阅区/ [索取号:G633.951.2/174] | 在馆 | |
| 4 | 1233284 | 212332849 | 教育系资料室/ [索取号:G633.951.2/174] | 在馆 | |
| 5 | 1233285 | 212332858 | 教育系资料室/ [索取号:G633.951.2/174] | 在馆 | |
| 6 | 1233286 | 212332867 | 教育系资料室/ [索取号:G633.951.2/174] | 在馆 |